| 000 | 00426nam a22001577a 4500 | ||
|---|---|---|---|
| 003 | OSt | ||
| 005 | 20140311163159.0 | ||
| 008 | 140227t xxu||||| |||| 00| 0 eng d | ||
| 050 |
_aQA 139 _b.C771t 1995 |
||
| 100 |
_aCook, Marcy _930740 |
||
| 245 |
_aArithmetwists : _cMarcy Cook. _bTwisters |
||
| 260 |
_aCalifornia : _bCreative Publicants, _c1995. |
||
| 300 |
_a24 p. : _bill. ; _c20 cm. |
||
| 942 |
_2lcc _cBK-TR |
||
| 999 |
_c42449 _d42449 |
||